| 000 | 00551nam a22001937a 4500 | ||
|---|---|---|---|
| 005 | 20251108164229.0 | ||
| 008 | 250721s1963 xx 000 0 ara d | ||
| 082 | 1 | 4 | _a784/عبد |
| 100 | 1 | _aالعلاف، عبد الكريم | |
| 245 | 1 | 0 | _aالطرب عند العرب / |
| 250 | _aط2. | ||
| 264 | 1 |
_aبغداد : _bالمكتبه الأهليه، _c1963. |
|
| 300 | _a256ص : مص | ||
| 650 | 1 | 7 | _aالغناء |
| 650 | 1 | 7 | _aالأغاني العربية |
| 650 | 1 | 7 | _aالموسيقى الغنائية |
| 942 |
_2ddc _cBK |
||
| 999 |
_c6940 _d6940 |
||